Arrested Development Chicken Impressions Quiz Stats

 Plays Quiz Updated Jan 10, 2019

Support Sporcle.
Go Orange.
Score 0/7 Timer 01:00
0 Plays Today
Transliteration Character % Correct
Kuh-ka-kuh-ka-kaw!G.O.B.
91.4%
Cha-chee cha-chee cha!Lindsay
79.1%
Koo-koo-ka-cha!George
76.8%
A-koodle-doodle-doo!Lucille
62%
Cluck cluck cluck cluck!Michael
56%
Block block!George Michael
50.5%
Baw! Fa-quaw!Tobias
48%

From the Vault

Harry Potter Bunker

by 12bball

We solemnly swear we are up to no good.
Remove Ads.
Support Sporcle.
Get the best of Sporcle when you Go Orange. This ad-free experience offers more features, more stats, and more fun while also helping to support Sporcle. Thank you for becoming a member.

Show Comments

Extras

Top Quizzes Today


Score Distribution

Your Account Isn't Verified!

In order to create a playlist on Sporcle, you need to verify the email address you used during registration. Go to your Sporcle Settings to finish the process.

Report this User

Report this user for behavior that violates our Community Guidelines.

Details: